On recent expositions of the concept of horizontal equity

Uložené v:
Podrobná bibliografia
Hlavný autor: Berliant, Marcus C.
Ďalší autori: Strauss, Robert P.
Médium: Kniha
Jazyk:English
Vydavateľské údaje: Rochester University 1982
Edícia:Discussion Paper 82-10
Tagy: Pridať tag
Žiadne tagy, Buďte prvý, kto otaguje tento záznam!

MARC

LEADER 00000nam a2200000 4500
001 c113515
005 20181203150322.4
041 0 |a eng 
044 |a US 
245 1 0 |a On recent expositions of the concept of horizontal equity  |c Marcus C. Berliant, Robert P. Strauss 
264 1 |a Rochester  |b University  |c 1982 
300 |a 11 s. 
490 1 |a Discussion Paper  |v 82-10 
830 0 |a Discussion Paper  |v 82-10 
100 1 |a Berliant, Marcus C. 
700 1 |a Strauss, Robert P.